Christopher Dech

Brandeis A


Categories

Mythology12123074111.6703
Literature - American Literature1000157676.0011
Other Academic0100108484.0011
History - American History010110136136.0001
Literature - British Literature010010142142.0001
Religion010010111111.0011
Social Science01115140140.0001
History - Other History011059898.0011
Science - Physics000000.0000
Philosophy0010-50.0000
Literature - European Literature0010-50.0000
Science - Biology0010-50.0000
Fine Arts - Other Fine Arts0010-50.0000

Buzzes

History - Other Historyfreeing slaves-554
Mythologybridges1574
Social Sciencebipolar disorder-575
Literature - American LiteratureAsimov1576
Mythologyfour-580
Other Academicbagels1084
Science - Biologyislands-595
History - Other HistoryAthenian walls1098
ReligionKhadijah10111
Fine Arts - Other Fine ArtsCarnatic music-5113